Euroregiony a jejich přínos k podpoře aktivní hranice a evropské sounáležitosti

Problematika cezhraničnej spolupráce v kontexte európskej integrácie. Význam tzv. aktívnej hranice a otázka prekonávania bariérových efektov hranice. Úloha euroregiónov ako špecifickej cezhraničnej štruktúry a významného článku europeizácie. Otázka jazykovej bariéry a možnosti jej prekonávania.

Saved in:
Bibliographic Details
Main Author: Müller, Karel B.
Other Authors: Fráně, Luděk
Format: Book Chapter
Language:Czech
Subjects:
Tags: Add Tag
No Tags, Be the first to tag this record!

MARC

LEADER 00000naa a2200000 4500
001 0277948
005 20210823152148.2
041 0 |a cze 
044 |a CZ 
245 1 0 |a Euroregiony a jejich přínos k podpoře aktivní hranice a evropské sounáležitosti  |c Karel B. Müller, Luděk Fráně 
520 |a Problematika cezhraničnej spolupráce v kontexte európskej integrácie. Význam tzv. aktívnej hranice a otázka prekonávania bariérových efektov hranice. Úloha euroregiónov ako špecifickej cezhraničnej štruktúry a významného článku europeizácie. Otázka jazykovej bariéry a možnosti jej prekonávania. 
610 2 0 |a geografia 
610 2 0 |a hranice štátne 
610 2 0 |a spolupráca cezhraničná 
610 2 0 |a spolupráca medzinárodná 
610 2 0 |a europeizácia 
610 2 0 |a bariéry komunikačné 
610 2 0 |a rozvoj regionálny 
610 2 0 |a Česko 
610 2 0 |a Európska únia 
100 1 |a Müller, Karel B. 
700 1 |a Fráně, Luděk